HUSAYN : (Record no. 187446)
[ view plain ]
| 000 -LEADER | |
|---|---|
| fixed length control field | 01472nam a22003257i 4500 |
| 005 - DATE AND TIME OF LATEST TRANSACTION | |
| control field | 20220213163619.0 |
| 008 - FIXED-LENGTH DATA ELEMENTS--GENERAL INFORMATION | |
| fixed length control field | 220210t20212021my ||||g |||| 00| 0 eng d |
| 020 ## - INTERNATIONAL STANDARD BOOK NUMBER | |
| International Standard Book Number | 9789670526850 |
| Terms of availability | RM19.00 |
| Qualifying information | paperback |
| 040 ## - CATALOGING SOURCE | |
| Original cataloging agency | PPAK |
| Language of cataloging | eng |
| Transcribing agency | PPAK |
| Description conventions | rda |
| 082 04 - DEWEY DECIMAL CLASSIFICATION NUMBER | |
| Edition number | 23 |
| Classification number | 297.0902 |
| 090 00 - LOCALLY ASSIGNED LC-TYPE CALL NUMBER (OCLC); LOCAL CALL NUMBER (RLIN) | |
| Classification number (OCLC) (R) ; Classification number, CALL (RLIN) (NR) | 297.0902 |
| Feature heading | MUH |
| Feature heading | G |
| 100 0# - MAIN ENTRY--PERSONAL NAME | |
| Personal name | Muhammad Iqbal, |
| Relator term | author. |
| 245 10 - TITLE STATEMENT | |
| Title | HUSAYN : |
| Remainder of title | A Symbol and a Warning / |
| Statement of responsibility, etc. | ESSAYS BY Muhammad Iqbal, Abul Kalam Azad, Zakir Husain Khan, Abul Ala Mawdudi ; Compiled and translated from Persian and Urdu into English by Mohd 'Abd al-Rahman Sayeed Siddiqi |
| 264 #1 - PRODUCTION, PUBLICATION, DISTRIBUTION, MANUFACTURE, AND COPYRIGHT NOTICE | |
| Place of production, publication, distribution, manufacture | Petaling Jaya, Selangor : |
| Name of producer, publisher, distributor, manufacturer | Islamic Book Trust, |
| Date of production, publication, distribution, manufacture, or copyright notice | 2021 |
| Date of production, publication, distribution, manufacture, or copyright notice | ©2021 |
| 300 ## - PHYSICAL DESCRIPTION | |
| Extent | xxxii, 96 pages ; |
| Dimensions | 18 cm |
| 336 ## - CONTENT TYPE | |
| Source | rdacontent |
| Content type term | text |
| 337 ## - MEDIA TYPE | |
| Source | rdamedia |
| Media type term | unmediated |
| 338 ## - CARRIER TYPE | |
| Source | rdacarrier |
| Carrier type term | volume |
| 500 ## - GENERAL NOTE | |
| General note | Includes index |
| 520 ## - SUMMARY, ETC. | |
| Summary, etc. | The book contains four essays on Karbala by four highly respected Sunni scholars and leaders, and with a new foreword to expand the story and give the reader a more comprehensive understanding of the importance of this heart-rending tragedy in Islamic history. |
| 600 1# - SUBJECT ADDED ENTRY--PERSONAL NAME | |
| Personal name | Husayn ibn 'Ali, |
| Chronological subdivision | -680. |
| 650 10 - SUBJECT ADDED ENTRY--TOPICAL TERM | |
| Topical term or geographic name entry element | Islam |
| Form subdivision | History |
| 651 #0 - SUBJECT ADDED ENTRY--GEOGRAPHIC NAME | |
| Geographic name | Karbala, Battle of, Karbala, Iraq, |
| Chronological subdivision | 680. |
| 700 0# - ADDED ENTRY--PERSONAL NAME | |
| Personal name | Abul Kalam Azad, |
| Relator term | author. |
| Personal name | Zakir Husain Khan, |
| Relator term | author. |
| Personal name | Abul Ala Mawdudi, |
| Relator term | author. |
| Personal name | Mohd 'Abd al-Rahman sayeed Siddiqi, |
| Relator term | compiler |
| -- | translator. |
| 942 ## - ADDED ENTRY ELEMENTS (KOHA) | |
| Source of classification or shelving scheme | Dewey Decimal Classification |
| Koha item type | Book |
| Withdrawn | Not for loan | Current library | Shelving location | Date acquired | Total Checkouts | Full call number | Barcode | Date last seen | Date last checked out | Koha item type |
|---|---|---|---|---|---|---|---|---|---|---|
| Perpustakaan Alor Setar | Pinjaman Dewasa | 22/03/2022 | 2 | 297.0902 MUH | A01725849 | 13/03/2025 | 19/02/2025 | Book | ||
| Perpustakaan Awam Sungai Petani | Pinjaman Dewasa | 22/03/2022 | 297.0902 MUH | A01725850 | 22/03/2022 | Book | ||||
| Perpustakaan Baling | Pinjaman Dewasa | 22/03/2022 | 297.0902 MUH | A01725852 | 22/03/2022 | Book | ||||
| Perpustakaan Bandar Baharu | Pinjaman Dewasa | 22/03/2022 | 297.0902 MUH | A01725853 | 22/03/2022 | Book | ||||
| Perpustakaan Kulim | Pinjaman Dewasa | 22/03/2022 | 297.0902 MUH | A01725851 | 22/03/2022 | Book |